[Event "FIDE World Bl Team Pool E"]
[Site "Almaty"]
[Date "2024.08.05"]
[Round "7.19"]
[White "Bilguun, Sumiya"]
[Black "Altair, Almir"]
[Result "1-0"]
[WhiteElo "2470"]
[BlackElo "1546"]
[PlyCount "59"]
[EventDate "2024.08.05"]
[EventType "team (blitz)"]
[EventRounds "7"]
[EventCountry "KAZ"]
[SourceTitle "CBM 221 Extra"]
[Source "ChessBase"]
[SourceDate "2024.09.30"]
[SourceVersion "1"]
[SourceVersionDate "2024.09.30"]
[SourceQuality "1"]
[WhiteTeam "Hunnu Air"]
[BlackTeam "Chess Star"]
[WhiteTeamCountry "MGL"]
[BlackTeamCountry "KAZ"]

1. e4 c5 2. Nc3 Nc6 3. Bb5 d6 4. Bxc6+ bxc6 5. d3 Nf6 6. f4 g6 7. Nf3 Bg7 8. 0-0 0-0 9. Qe1 Ba6 10. Qh4 c4 11. d4 d5 12. e5 Ne4 13. Be3 Rb8 14. Rab1 Nxc3 15. bxc3 Qa5 16. Bd2 Qxa2 17. Ra1 Qxc2 18. Rxa6 Rb1 19. Rxb1 Qxb1+ 20. Qe1 Qb5 21. Rxa7 e6 22. Qa1 Qb3 23. Ra8 Qc2 24. Rxf8+ Bxf8 25. Qa8 Qd3 26. f5 f6 27. Bh6 Qd1+ 28. Kf2 Qc2+ 29. Kg3 gxf5 30. Qxf8# 1-0